[Event "Primera"]
[Site ""]
[Date "2006.??.??"]
[Round "6"]
[White "Millán David"]
[Black "Sanz Alberto"]
[Result "1/2-1/2"]
[WhiteElo "1664"]
[BlackElo "1860"]

1.e4 d5 2.exd5 Nf6 3.c4 e6 4.d4 exd5 5.Nc3 Bb4 6.Bd3 O-O 7.Ne2 Nc6 8.a3 Bxc3+
9.bxc3 Bg4 10.O-O Re8 11.Qc2 Be6 12.Nf4 dxc4 13.Nxe6 cxd3 14.Nxd8 dxc2 15.Nxc6
bxc6 16.Ra2 Re2 17.h3 Ne4 18.c4 Rb8 19.Rb2 Rxb2 20.Bxb2 Nd2 21.Rc1 Nxc4 22.Kf1
Rd2 23.Ke1 Rd1+ 24.Ke2 Nxb2 25.Rxc2 Rb1 26.Rxc6 Na4 27.Rxc7 g6 28.d5 Rb5 29.d6
Rd5 30.d7 Kg7 31.Ke3 Nb6 32.Rxa7 Nxd7 33.f4 Nc5 34.Ra5 h5 35.g4 Kf6 36.Rb5 Ke6
37.Rb6+ Rd6 38.f5+ Ke5 39.Rxd6 Kxd6 40.fxg6 fxg6 41.gxh5 gxh5 42.Kf4 1/2-1/2

[Event "Primera"]
[Site ""]
[Date "2006.??.??"]
[Round "6"]
[White "Planas Alberto"]
[Black "Charles Eduardo"]
[Result "1/2-1/2"]
[WhiteElo "1837"]
[BlackElo "1652"]

1.e4 c5 2.Nf3 d6 3.d4 cxd4 4.Nxd4 g6 5.Nc3 Bg7 6.f4 Qb6 7.Nd5 Qxd4 8.Qxd4 Bxd4
9.Nc7+ Kd8 10.Nxa8 Nc6 11.c3 Bg7 12.Bb5 Bd7 13.O-O Kc8 14.e5 Kb8 15.Nb6 axb6
16.exd6 exd6 17.Be3 Kc7 18.Rad1 Nge7 19.Bc1 Ra8 20.a3 Na5 21.Bxd7 Kxd7 22.g4
f5 23.g5 Kc6 24.Rfe1 Nd5 25.Kf2 Nb3 26.Kf3 Nxc1 27.Rxc1 Kd7 28.Re2 Re8 29.Rxe8
Kxe8 30.Rd1 Ne7 31.Rxd6 Nc6 32.Rd5 Ne7 33.Rb5 Nc8 34.a4 Kd7 35.Rd5+ Kc6 36.Rd8
Ne7 37.Re8 Kd7 38.Rb8 Kc7 39.Re8 1/2-1/2

[Event "Primera"]
[Site ""]
[Date "2006.??.??"]
[Round "6"]
[White "Cortés Cecilio"]
[Black "Lozano Francisco"]
[Result "1-0"]
[WhiteElo "1792"]
[BlackElo "1675"]

1.e4 e5 2.Bc4 Nf6 3.Nc3 Bc5 4.d3 d6 5.h3 Nc6 6.a3 Bd7 7.Nge2 Nd4 8.O-O Qc8 9.
Kh2 Nf3+ 10.gxf3 Bxh3 11.Na4 Bxf1 12.Qxf1 Qd7 13.Nxc5 dxc5 14.Qg2 h6 15.Qg3
Qe7 16.Qh3 Nd7 17.Bd2 g5 18.Qf5 O-O-O 19.Qxf7 Qxf7 20.Bxf7 Rdf8 21.Bh5 Nf6 22.
Ng3 Nxh5 23.Nxh5 Rxf3 24.Kg2 Rhf8 25.Be3 b6 26.Rh1 Kd7 27.Ng3 g4 28.Rxh6 Rg8
29.Rh5 Ke6 30.Nf5 Kf6 31.Rh7 1-0

[Event "Primera"]
[Site ""]
[Date "2006.??.??"]
[Round "6"]
[White "Bosque José Luis"]
[Black "Valladolid Luis"]
[Result "1/2-1/2"]
[WhiteElo "1784"]
[BlackElo "1676"]

1.Nf3 d6 2.g3 Nf6 3.Bg2 e5 4.d4 e4 5.Ng5 d5 6.c4 h6 7.Nh3 Bb4+ 8.Bd2 Bxd2+ 9.
Qxd2 c6 10.cxd5 cxd5 11.Nc3 Nc6 12.O-O O-O 13.f3 Bxh3 14.Bxh3 Re8 15.e3 exf3
16.Rxf3 Ne4 17.Nxe4 dxe4 18.Rf4 Ne5 19.Bg2 Nc4 20.Qe2 Nd6 21.Raf1 f5 22.g4 g6
23.gxf5 gxf5 24.Qh5 Qg5 25.Qxg5+ hxg5 26.R4f2 Nc4 27.Rxf5 Nxe3 28.Rxg5+ Kh8
29.Rf4 Nxg2 30.Kxg2 Re7 31.Rh4+ Rh7 32.Rxe4 Rg8 33.Rxg8+ Kxg8 34.d5 Rd7 35.Re5
Kf7 36.Kf3 Kf6 37.Ke4 Rh7 38.Rf5+ Ke7 39.Rf2 Kd6 40.Rd2 b5 41.Kf4 a5 42.Ke4 a4
43.a3 b4 44.axb4 Rh4+ 45.Kd3 Rxb4 46.Kc3 Rb3+ 47.Kc4 Rh3 48.Kb4 Rh4+ 49.Ka3
Rg4 50.b3 axb3 51.Kxb3 Rh4 52.Kc3 Ra4 53.Rd4 Ra3+ 54.Kc4 Rh3 55.Re4 Rxh2 56.
Re6+ Kd7 57.Rg6 Rc2+ 58.Kd4 Rd2+ 59.Ke5 Re2+ 1/2-1/2

[Event "Primera"]
[Site ""]
[Date "2006.??.??"]
[Round "6"]
[White "Colom Eduardo"]
[Black "Lera José Carlos"]
[Result "0-1"]
[WhiteElo "1808"]
[BlackElo "1590"]

1.e4 e6 2.d4 d5 3.e5 c5 4.c3 Nc6 5.Nf3 Qb6 6.a3 cxd4 7.cxd4 Nge7 8.b4 Nf5 9.
Be3 Bd7 10.Nc3 Nxe3 11.fxe3 Rc8 12.Rc1 a6 13.Bd3 Be7 14.h4 h6 15.O-O O-O 16.g4
Na7 17.g5 h5 18.Qe2 g6 19.Nd2 Nb5 20.Ndb1 Nxd4 21.exd4 Qxd4+ 22.Qf2 Qxd3 23.
Rfd1 Qh3 24.Re1 Bc6 25.Red1 d4 26.Ne4 Qg4+ 27.Ng3 0-1

[Event "Primera"]
[Site ""]
[Date "2006.??.??"]
[Round "6"]
[White "Domínguez Alejandro"]
[Black "Pérez José María"]
[Result "1-0"]
[WhiteElo "1779"]
[BlackElo "1604"]

1.d4 d5 2.c4 c6 3.Nc3 e6 4.Nf3 dxc4 5.e4 b5 6.Bg5 Be7 7.Bxe7 Nxe7 8.g3 O-O 9.
Bg2 Ng6 10.O-O a6 11.h4 h6 12.h5 Ne7 13.Ne5 Qd6 14.Ne2 Nd7 15.Ng4 Qc7 16.Qd2
Kh7 17.Rac1 e5 18.b3 cxb3 19.axb3 f6 20.d5 Qd6 21.Ne3 Nc5 22.Qc2 Nb7 23.dxc6
Na5 24.c7 Kh8 25.Rfd1 Qb6 26.Nd5 Nxd5 27.exd5 Qd6 28.Qc3 Nb7 29.Qc6 Kg8 30.
Qxd6 Nxd6 31.Rc6 Ne8 32.d6 Bg4 33.f3 Bd7 34.Rb6 f5 35.Nc3 Nf6 36.Nd5 Nxd5 37.
Rxd5 Rfe8 38.Bh3 Kf7 39.Bxf5 Bxf5 40.d7 Bxd7 41.Rxd7+ Kf8 42.Rg6 Rec8 43.Rgxg7
Ke8 44.Rge7+ Kf8 45.Rxe5 1-0

[Event "Primera"]
[Site ""]
[Date "2006.??.??"]
[Round "6"]
[White "Fondón Alvaro"]
[Black "Sacristán Alberto"]
[Result "0-1"]
[WhiteElo "1658"]
[BlackElo "1612"]

1.e4 c5 2.Nf3 d6 3.Bc4 Nc6 4.Ng5 e6 5.d3 Nf6 6.Be3 Be7 7.Qd2 a6 8.a3 Qb6 9.Qc3
O-O 10.Ba2 d5 11.d4 cxd4 12.Bxd4 Qxd4 13.O-O Qxc3 14.Nxc3 h6 15.exd5 Nxd5 16.
Nxd5 exd5 17.Nf3 Rd8 18.Rad1 Be6 19.Rfe1 Bf6 20.c3 Rd7 21.h3 Rad8 22.g4 Re7
23.Rd2 d4 24.Bxe6 Rxe6 25.c4 Rxe1+ 26.Nxe1 Ne5 27.b3 Re8 28.Kg2 Nxc4 29.Nc2
Nxd2 0-1

[Event "Primera"]
[Site ""]
[Date "2006.??.??"]
[Round "6"]
[White "Nasarre Tomás"]
[Black "Laborda Oscar"]
[Result "1/2-1/2"]
[WhiteElo "1764"]
[BlackElo "1662"]

1.e4 c6 2.d4 d5 3.e5 Bf5 4.f4 e6 5.Nf3 c5 6.c3 a6 7.Be3 Nd7 8.Bf2 cxd4 9.Nxd4
Bc5 10.Be2 Qb6 11.b4 Bxd4 12.Bxd4 Qd8 13.h4 f6 14.Nd2 fxe5 15.fxe5 b5 16.g4
Bg6 17.Nb3 Nh6 18.g5 Nf7 19.Bg4 Qe7 20.Nc5 Nxc5 21.Bxc5 Qc7 22.Qe2 Be4 23.Rf1
Qxe5 24.Bd4 Qg3+ 25.Kd2 Nd6 26.Bxe6 Nc4+ 27.Kc1 Bd3 28.Bf7+ Kd8 29.Qf3 Qxf3
30.Rxf3 Be4 31.Rf1 Rf8 32.Bxg7 Ke7 33.Bxf8+ Rxf8 34.a4 Rxf7 35.Rxf7+ Kxf7 36.
axb5 axb5 37.Ra7+ Kg6 38.Rb7 d4 39.Rxb5 dxc3 40.Rc5 Bd3 41.b5 c2 42.Rc6+ Kh5
43.Rh6+ Kg4 44.b6 Na5 45.Kb2 Bg6 46.h5 Kxg5 47.Rxg6+ 1/2-1/2

[Event "Primera"]
[Site ""]
[Date "2006.??.??"]
[Round "6"]
[White "Lorente Antonio"]
[Black "Casterá Rafael"]
[Result "1-0"]
[WhiteElo "1773"]
[BlackElo "1672"]

1.e4 d5 2.exd5 Qxd5 3.Nc3 Qa5 4.d4 c6 5.Bd2 Qb6 6.Bc1 Nf6 7.Nf3 Bg4 8.Be2 Bxf3
9.Bxf3 e6 10.O-O Bd6 11.Ne4 Nxe4 12.Bxe4 Nd7 13.c4 Qc7 14.f4 f5 15.Bf3 O-O-O
16.g3 h6 17.c5 Nxc5 18.Qe2 Ne4 19.Bxe4 fxe4 20.Qxe4 Qd7 21.Bd2 Bc7 22.Bc3 Bb6
23.Rad1 Rhe8 24.b4 Qd5 25.Qe5 Qc4 26.Rf3 Re7 27.a4 Red7 28.Rfd3 a6 29.a5 Ba7
30.f5 exf5 31.Qxf5 Kb8 32.Qe5+ Kc8 33.R1d2 Rf7 34.Kg2 Rdf8 35.Qe4 h5 36.Re2
Kd7 37.Rde3 Qd5 38.Qxd5+ cxd5 39.Re5 Kc6 40.Rxh5 Rf3 41.b5+ axb5 42.Bb4 R3f5
43.Re6+ Kd7 44.Rd6+ Kc7 45.Rxd5 Rf2+ 46.Kh3 Re8 47.Rh7 Rf7 48.Rh4 Re6 49.Rxb5
Rd7 50.d5 1-0

[Event "Primera"]
[Site ""]
[Date "2006.??.??"]
[Round "6"]
[White "Belmonte Avelino"]
[Black "Teixidó Benedí Andrés"]
[Result "1-0"]
[WhiteElo "1767"]
[BlackElo "1692"]

1.e4 c5 2.Nf3 Nc6 3.d4 cxd4 4.Nxd4 g6 5.Nc3 Bg7 6.Be3 d6 7.Qd2 Nf6 8.f3 a6 9.
Bc4 Qc7 10.Nd5 Nxd5 11.Bxd5 e6 12.Bb3 Nxd4 13.Bxd4 Bxd4 14.Qxd4 O-O 15.O-O-O
Rd8 16.h4 b5 17.h5 e5 18.Qd2 Be6 19.hxg6 Bxb3 20.gxh7+ Kh8 21.axb3 Rac8 22.c3
Qa5 23.Kb1 Qc7 24.Rh3 a5 25.Rdh1 a4 26.Qg5 axb3 27.Qf6# 1-0

[Event "Primera"]
[Site ""]
[Date "2006.??.??"]
[Round "6"]
[White "Urgel Fernando"]
[Black "Gimeno José Andrés"]
[Result "1-0"]
[WhiteElo "1714"]
[BlackElo "1777"]

1.e4 c5 2.Nf3 g6 3.d4 cxd4 4.Nxd4 Nc6 5.Be3 Bg7 6.Nc3 d6 7.Bb5 Bd7 8.O-O Nf6
9.f3 O-O 10.Qd2 a6 11.Ba4 b5 12.Bb3 Rc8 13.Nxc6 Bxc6 14.Bh6 Bxh6 15.Qxh6 Qb6+
16.Kh1 b4 17.Nd5 Nxd5 18.exd5 Bb5 19.Rfe1 Rfe8 20.Qg5 f6 21.Qd2 a5 22.a4 Bc4
23.Re3 Bxb3 24.cxb3 Qc5 25.Rae1 Qc2 26.Qe2 Qxe2 27.R3xe2 Rc7 28.Kg1 Kf7 29.Re4
Rc5 30.Rd4 Rc2 31.Rb1 Rec8 32.Kf1 Rc1+ 33.Rxc1 Rxc1+ 34.Ke2 Rc2+ 35.Rd2 Rc5
36.Ke3 f5 37.f4 Kf6 38.Kd4 h6 39.Re2 Rc1 40.Re6+ Kf7 41.Re2 Rf1 42.Kc4 Rxf4+
43.Kb5 Rd4 44.Kxa5 Rxd5+ 45.Kb6 Ke8 46.a5 Kd7 47.a6 Rc5 48.Re1 Rc6+ 49.Kb5
Rc5+ 50.Kxb4 Kc6 51.Rxe7 Rb5+ 52.Ka4 Kb6 53.Rb7+ 1-0

[Event "Primera"]
[Site ""]
[Date "2006.??.??"]
[Round "6"]
[White "Garreta Javier"]
[Black "Casanova Gabriel"]
[Result "1-0"]
[WhiteElo "1680"]
[BlackElo "1641"]

1.e4 d6 2.Bc4 Nf6 3.Nc3 g6 4.Nf3 Bg7 5.O-O O-O 6.e5 dxe5 7.Nxe5 Qd4 8.Qe2 Bg4
9.Nxg4 Nxg4 10.Nb5 Qd7 11.Nxc7 Nxh2 12.Nxa8 Nxf1 13.Nb6 Ng3 14.Nxd7 Nxe2+ 15.
Bxe2 Nxd7 16.c3 Bh6 17.d4 Bxc1 18.Rxc1 Nf6 19.Bf3 b6 20.d5 Rd8 21.c4 Rd6 22.b4
Nd7 23.c5 bxc5 24.bxc5 Ra6 25.c6 Nb6 26.Rc2 Nc8 27.Rb2 Kg7 28.Bg4 f5 29.Bd1 h5
30.a4 Ra5 31.Rb5 Rxb5 32.axb5 Nb6 33.Bb3 Kf6 34.f4 Nc8 35.Kf2 Nd6 36.Ba4 Nc8
37.Ke3 Nb6 38.Bb3 Nc8 39.Kd4 Nd6 40.Bc4 g5 41.fxg5+ Kxg5 42.Be2 Kf6 43.Bxh5
Nxb5+ 44.Kc5 Nd6 45.c7 e5 46.Kxd6 1-0

[Event "Primera"]
[Site ""]
[Date "2006.??.??"]
[Round "6"]
[White "Gregorio Alberto"]
[Black "Gonzalo Jorge"]
[Result "1/2-1/2"]
[WhiteElo "1586"]
[BlackElo "1687"]

1.e4 e5 2.Nf3 Nc6 3.Bc4 Bc5 4.d3 h6 5.O-O d6 6.Be3 Bb6 7.c3 Nf6 8.Nbd2 O-O 9.
Qb3 Qe7 10.Nh4 Be6 11.Ng6 fxg6 12.Bxe6+ Kh8 13.Bh3 Nh7 14.Qe6 Qxe6 15.Bxe6
Bxe3 16.fxe3 Rxf1+ 17.Rxf1 Rf8 18.Rxf8+ Nxf8 19.Bc8 Nd8 20.d4 Nfe6 21.dxe5
dxe5 22.Nc4 Nc5 23.Nxe5 Kh7 24.Nd7 Nxd7 25.Bxd7 Nf7 26.Kf2 Ne5 27.Bb5 g5 28.
Kg3 Kg6 29.h4 c6 30.Be2 Kf6 31.hxg5+ Kxg5 32.Kh3 Nd7 33.Bg4 Nb6 34.b3 g6 35.
Kg3 c5 36.c4 Na8 37.Bd7 Nc7 38.e5 b6 39.Kf3 Na6 40.Ke4 Nc7 41.Bc8 h5 42.g3 h4
43.Kf3 Ne8 44.Bd7 hxg3 45.Kxg3 Ng7 46.Kf3 Nf5 47.e4 Ne7 48.Kg3 Kh5 49.Kh3 g5
50.Be8+ Kh6 51.Kg4 a6 52.e6 Nc8 1/2-1/2

[Event "Primera"]
[Site ""]
[Date "2006.??.??"]
[Round "7"]
[White "Donoso Alejandro"]
[Black "Juni Marcos"]
[Result "0-1"]
[WhiteElo "1786"]
[BlackElo "1631"]

1.Nf3 d5 2.g3 Nf6 3.Bg2 Nc6 4.d4 Bf5 5.O-O e6 6.c4 Qd7 7.cxd5 exd5 8.Nc3 Bh3
9.Ne5 Qe6 10.Nb5 Bd6 11.Nxd6+ cxd6 12.Nf3 Bxg2 13.Kxg2 O-O 14.Bg5 Ne4 15.Rc1
h6 16.Be3 g5 17.h4 g4 18.Ne1 Ne7 19.Rc7 Nf5 20.Bc1 b6 21.e3 Rfc8 22.Qxg4+ Kf8
23.Rxc8+ Rxc8 24.Nd3 Nxe3+ 25.Bxe3 Qxg4 26.Bxh6+ Ke7 27.Nb4 Nf6 28.Bg5 Qxd4
29.Re1+ Kd7 30.Bxf6 Qxb4 31.Re7+ Kc6 32.Rxf7 Qe4+ 0-1

[Event "Primera"]
[Site ""]
[Date "2006.??.??"]
[Round "7"]
[White "Carilla Angel"]
[Black "Tello Rafael"]
[Result "0-1"]
[WhiteElo "1847"]
[BlackElo "1578"]

1.d4 Nf6 2.c4 e5 3.dxe5 Ng4 4.Nf3 Bc5 5.e3 Nc6 6.Bd2 Ngxe5 7.Bc3 Qe7 8.a3 a5
9.Nbd2 d6 10.Nb3 Bb6 11.Nbd4 O-O 12.Nxc6 Nxc6 13.Be2 Re8 14.Qd5 h6 15.Nd4 Nxd4
16.Bxd4 c6 17.Qf3 Bxd4 18.exd4 Qh4 19.O-O-O Bf5 20.Qxf5 Rxe2 21.g3 Qe7 22.Rd2
b5 23.Qd3 Rxd2 24.Kxd2 bxc4 25.Qxc4 Rb8 26.b4 axb4 27.axb4 d5 28.Qc5 Qf6 29.f4
Rb5 30.Qc3 Qe7 31.Rb1 Qa7 32.Ra1 Qe7 33.Rb1 g6 34.Qe3 Qa7 35.Qc3 Rb8 36.Ra1
Qb6 37.Rb1 Ra8 38.Rb2 Re8 39.Qc5 Qa6 40.b5 Qa1 41.Qc1 Re2+ 0-1

[Event "Primera"]
[Site ""]
[Date "2006.??.??"]
[Round "7"]
[White "Glez-Mendoza José Antonio"]
[Black "Tirapo Ana"]
[Result "0-1"]
[WhiteElo "1704"]
[BlackElo "1868"]

1.d4 Nf6 2.Nf3 g6 3.c4 Bg7 4.Nc3 d6 5.e4 O-O 6.Bd3 e5 7.dxe5 dxe5 8.O-O c6 9.
h3 Qe7 10.Qe2 Nbd7 11.Bg5 a5 12.Rad1 Nc5 13.Bb1 Ne6 14.Qe3 Nxg5 15.Qxg5 h6 16.
Qe3 Nh5 17.Kh2 Nf4 18.Ne2 g5 19.g4 h5 20.Kg3 Nxh3 21.gxh5 Qe6 22.Nh2 Nf4 23.
Ng1 Nxh5+ 24.Kg2 Bh6 25.Qf3 g4 26.Qf5 Nf4+ 27.Kg3 Qe7 28.Nxg4 Bxf5 29.Nxh6+
Kh7 30.Nxf5 Qg5+ 31.Kf3 Qh5+ 0-1

[Event "Primera"]
[Site ""]
[Date "2006.??.??"]
[Round "7"]
[White "Rubio Abel"]
[Black "Sancho Jesús"]
[Result "0-1"]
[WhiteElo "1817"]
[BlackElo "1686"]

1.d4 g6 2.Nf3 Bg7 3.g3 Nf6 4.Bg2 O-O 5.O-O d6 6.c4 Nbd7 7.Nc3 Re8 8.h3 e5 9.e4
exd4 10.Nxd4 Nc5 11.Re1 c6 12.b4 Ne6 13.Be3 Nxd4 14.Bxd4 Be6 15.Bf1 Qd7 16.Kh2
Rad8 17.Bxa7 Ng4+ 18.hxg4 Bxc3 19.f3 Ra8 20.Bd4 Bxe1 21.Qxe1 Ra3 22.Qd2 Qe7
23.Be2 Rea8 24.Kg2 c5 25.bxc5 dxc5 26.Bc3 b5 27.Bb2 Rxa2 28.Qc3 f6 29.Rxa2
Rxa2 30.cxb5 Kf7 31.g5 Qd8 32.Bc4 Rxb2+ 33.Qxb2 Bxc4 34.b6 fxg5 35.b7 Qb8 36.
Qb6 Be6 37.Qa6 Qd8 38.Qb5 Qd2+ 39.Kf1 Bh3+ 0-1

[Event "Primera"]
[Site ""]
[Date "2006.??.??"]
[Round "7"]
[White "Lera José Carlos"]
[Black "Moreno Laura"]
[Result "0-1"]
[WhiteElo "1590"]
[BlackElo "1710"]

1.d4 Nf6 2.c4 e6 3.Nc3 d5 4.cxd5 exd5 5.Bf4 c6 6.h3 Bf5 7.Nf3 Nbd7 8.e3 h6 9.
Rc1 Qb6 10.Na4 Bb4+ 11.Nc3 Be7 12.b3 Ba3 13.Na4 Qa5+ 14.Nd2 Bxc1 15.Qxc1 O-O
16.f3 Rfe8 17.Kf2 Re7 18.g4 Bh7 19.Bg2 Rae8 20.Re1 Bg6 21.Nf1 b5 22.Nc3 c5 23.
dxc5 Nxc5 24.Qd2 Nd3+ 25.Ke2 Nxf4+ 0-1

[Event "Primera"]
[Site ""]
[Date "2006.??.??"]
[Round "7"]
[White "Quintín Alberto"]
[Black "Cortés Cecilio"]
[Result "1/2-1/2"]
[WhiteElo "1792"]
[BlackElo "1792"]

1.e4 g6 2.d4 d6 3.Nc3 Bg7 4.f4 e6 5.Nf3 Ne7 6.Be2 a6 7.a4 f5 8.e5 O-O 9.O-O c6
10.b3 dxe5 11.dxe5 Nd7 12.Ba3 Re8 13.Qd6 Nd5 14.Nxd5 cxd5 15.Qb4 Bf8 16.Qd4
Bxa3 17.Rxa3 Qe7 18.Raa1 Nc5 19.b4 Ne4 20.Nd2 Qc7 21.Nxe4 dxe4 22.Qc4 Qb6+ 23.
Kh1 Bd7 24.Qb3 Bc6 25.Rad1 Rad8 26.Rxd8 Qxd8 27.Rd1 Qh4 28.Rf1 g5 29.b5 axb5
30.axb5 Bd7 31.g3 Qh6 32.Rd1 Re7 33.Qe3 gxf4 34.Qxf4 Qxf4 35.gxf4 Be8 36.Rd8
Kg7 37.c4 Kh6 38.c5 Bh5 39.Bxh5 Kxh5 40.c6 bxc6 41.bxc6 Rc7 42.Rd6 Kg4 43.Rxe6
Kxf4 44.Kg2 e3 45.Rh6 Rg7+ 46.Kf1 Kxe5 47.Ke2 f4 48.Kf3 Kf5 49.Rh5+ Kg6 50.Rc5
Rc7 51.Kxf4 e2 52.Rc1 e1=Q 53.Rxe1 Rxc6 1/2-1/2

[Event "Primera"]
[Site ""]
[Date "2006.??.??"]
[Round "7"]
[White "Iglesias Luis"]
[Black "Domínguez Alejandro"]
[Result "1/2-1/2"]
[WhiteElo "1748"]
[BlackElo "1779"]

1.c4 c5 2.g3 d6 3.Bg2 Nf6 4.d3 g6 5.Bg5 Bg7 6.Nc3 a6 7.Qd2 Qc7 8.Nd5 Nxd5 9.
Bxd5 e6 10.Bg2 O-O 11.Bh6 Nc6 12.Bxg7 Kxg7 13.h4 Qa5 14.Qxa5 Nxa5 15.e3 Rb8
16.Ne2 b5 17.cxb5 Rxb5 18.b3 Bd7 19.Nc3 Rb6 20.h5 Bc6 21.Bxc6 Nxc6 22.Ne4 Ne5
23.Ke2 Nd7 24.hxg6 hxg6 25.Rh3 Nf6 26.Ng5 Rb7 27.Rah1 a5 28.Nh7 Ra8 29.Nxf6
Kxf6 30.Rh7 a4 31.R1h4 axb3 32.Rf4+ Kg5 33.axb3 Raa7 34.Kf3 f5 35.Rxb7 Rxb7
36.d4 1/2-1/2

[Event "Primera"]
[Site ""]
[Date "2006.??.??"]
[Round "7"]
[White "Jiménez Alejandro"]
[Black "Belmonte Avelino"]
[Result "1-0"]
[WhiteElo "1719"]
[BlackElo "1767"]

1.d4 d6 2.c4 e5 3.dxe5 dxe5 4.Qxd8+ Kxd8 5.Nf3 f6 6.Nc3 Be6 7.e4 c6 8.Be3 Nd7
9.O-O-O Kc7 10.Be2 h5 11.a3 Nh6 12.h3 Nf7 13.Nh4 Nd6 14.Ng6 Rg8 15.b3 Bf7 16.
Nxf8 Rgxf8 17.c5 Nc8 18.Kb2 b6 19.cxb6+ Ncxb6 20.Rc1 a6 21.Rhd1 Kb7 22.Rd2
Rfd8 23.Rcd1 Kc7 24.Bxb6+ Nxb6 25.Rxd8 Rxd8 26.Rxd8 Kxd8 27.Bxa6 Kc7 28.a4 Nd7
29.b4 Nb6 30.a5 Nc4+ 31.Kc2 Nd6 32.Bd3 Nc4 33.Na4 Na3+ 34.Kd2 Nb5 35.Nc5 Nd4
36.Na4 Nb3+ 37.Kc3 Nd4 38.Bc4 Bxc4 39.Kxc4 Ne2 40.Nc5 g5 41.Ne6+ Kb7 42.Kc5
Nc3 43.Nd8+ Kc7 44.Ne6+ Kb7 45.f3 Na4+ 46.Kd6 Nb2 47.Nd8+ Ka6 48.Kxc6 1-0

[Event "Primera"]
[Site ""]
[Date "2006.??.??"]
[Round "7"]
[White "Sanz Alberto"]
[Black "Garreta Javier"]
[Result "1/2-1/2"]
[WhiteElo "1860"]
[BlackElo "1680"]

1.e4 d5 2.e5 e6 3.d4 c5 4.c3 cxd4 5.cxd4 Bb4+ 6.Nc3 Ne7 7.Bg5 Nbc6 8.Nf3 Qb6
9.a3 Bxc3+ 10.bxc3 Qa5 11.Bd2 Qc7 12.Bd3 Ng6 13.Rc1 Na5 14.O-O Nc4 15.Be3 Bd7
16.Qb3 b6 17.Nd2 Rc8 18.Rfe1 O-O 19.Bxc4 dxc4 20.Qc2 Bb5 21.Ne4 Rcd8 22.Rb1
Qc6 23.Nd6 Ba6 24.Rb4 Rd7 25.Reb1 Nh4 26.f3 Rb8 27.Ra4 b5 28.Rxc4 Qa8 29.Rc5
Ng6 30.Rb4 Rxd6 31.exd6 Rd8 32.a4 bxa4 33.Qxa4 Rxd6 34.Qb3 Rd8 35.Bf2 Nf4 36.
Bg3 Nd3 37.Rc7 Nxb4 38.Qxb4 Rc8 39.Qd6 Rxc7 40.Qxc7 h6 41.Qb8+ Qxb8 42.Bxb8
Kf8 43.Bxa7 Ke7 44.Kf2 Kd6 45.Bc5+ Kd5 46.Bf8 g6 47.Bxh6 Kc4 48.Bd2 Kd3 49.Ke1
Bb7 50.h4 Bd5 51.Bg5 Kxc3 52.Bf6 Kd3 53.Kf2 Bc6 54.g4 Ba4 55.Kg3 Ke3 56.f4 Bc2
1/2-1/2

[Event "Primera"]
[Site ""]
[Date "2006.??.??"]
[Round "7"]
[White "Sacristán Alberto"]
[Black "Urgel Fernando"]
[Result "0-1"]
[WhiteElo "1612"]
[BlackElo "1714"]

1.e4 d5 2.exd5 Qxd5 3.Nc3 Qa5 4.g3 Nf6 5.Bg2 c6 6.Nf3 Bg4 7.O-O e6 8.d3 Bd6 9.
Bg5 Nbd7 10.Re1 Bxf3 11.Qxf3 Qxg5 12.Ne4 Nxe4 13.dxe4 Nb6 14.Qd3 Bc7 15.f4
Qc5+ 16.Kh1 O-O 17.Qe2 Rad8 18.c3 Rd7 19.Rad1 Rfd8 20.Rxd7 Rxd7 21.f5 Qe5 22.
Bh3 exf5 23.Qf2 Re7 24.Bxf5 Qf6 25.Qc5 Re5 26.Qe3 Qe7 27.Qe2 Nd7 28.Bh3 Bb6
29.Bg2 f5 30.Qc4+ Kh8 31.Rf1 Nf6 32.exf5 Re1 33.Qf4 Rxf1+ 34.Qxf1 Ng4 35.h3
Ne3 36.Qe2 Nxf5 37.Qf3 Qe1+ 38.Bf1 Nxg3+ 39.Kg2 Qxf1+ 40.Kxg3 Bc7+ 41.Kg4 Qg1+
42.Kf5 Qg6# 0-1

[Event "Primera"]
[Site ""]
[Date "2006.??.??"]
[Round "7"]
[White "Valladolid Luis"]
[Black "Lorente Antonio"]
[Result "0-1"]
[WhiteElo "1676"]
[BlackElo "1773"]

1.e4 g6 2.d4 Bg7 3.Nf3 d6 4.c3 Nf6 5.Bd3 O-O 6.Bg5 Nbd7 7.Qc1 b6 8.Bh6 Bb7 9.
Bxg7 Kxg7 10.Nbd2 Rc8 11.O-O e5 12.Re1 a6 13.b3 b5 14.Qb2 Nh5 15.g3 Rb8 16.a4
bxa4 17.Rxa4 Qc8 18.c4 Re8 19.Ra5 c5 20.dxe5 dxe5 21.Bf1 Qc7 22.Qc3 Kg8 23.Bh3
f6 24.Bxd7 Qxd7 25.Rxc5 Rbd8 26.Qa5 Qg4 27.Nxe5 fxe5 28.Rxe5 Rf8 29.Rg5 Qd7
30.Re2 Qd3 31.Kf1 Nf6 32.f3 Nxe4 33.Nxe4 Bxe4 34.f4 Qf3+ 35.Ke1 Qh1+ 36.Kf2
Qg2+ 37.Ke1 Qg1# 0-1

[Event "Primera"]
[Site ""]
[Date "2006.??.??"]
[Round "7"]
[White "García Obdulio"]
[Black "Planas Alberto"]
[Result "0-1"]
[WhiteElo "1731"]
[BlackElo "1837"]

1.d4 d5 2.c4 e5 3.dxe5 d4 4.Nf3 Nc6 5.g3 f6 6.Bg2 fxe5 7.Bg5 Nf6 8.Nbd2 h6 9.
Bxf6 Qxf6 10.O-O Bf5 11.Nh4 Bh7 12.Be4 Bxe4 13.Nxe4 Qe6 14.b3 Be7 15.Ng2 g5
16.a3 h5 17.Qd3 O-O-O 18.b4 h4 19.c5 hxg3 20.Qxg3 Rh3 0-1

[Event "Primera"]
[Site ""]
[Date "2006.??.??"]
[Round "7"]
[White "Mánguez José Luis"]
[Black "Millán David"]
[Result "1/2-1/2"]
[WhiteElo "1825"]
[BlackElo "1664"]

1.d4 d5 2.e4 e6 3.Nc3 Nf6 4.Be3 Bb4 5.f3 b6 6.a3 Bxc3+ 7.bxc3 dxe4 8.fxe4 Ba6
9.Bxa6 Nxa6 10.Nf3 c5 11.O-O h6 12.Ne5 Qc7 13.Qd3 cxd4 14.cxd4 Qb7 15.Nxf7
Kxf7 16.e5 Nc7 17.exf6 gxf6 18.Rf3 Rag8 19.Raf1 Rg6 20.c4 Rhg8 21.g3 Qa6 22.
Bf4 Qb7 23.d5 exd5 24.Bxc7 Qxc7 25.Qxd5+ Kg7 26.Rd1 Kh8 27.Rfd3 Rg4 28.Qh5
Qc5+ 29.Qxc5 bxc5 30.Rd8 Rxc4 31.Rxg8+ Kxg8 32.Rd8+ Kf7 33.Rd7+ Kg6 34.Rxa7
Rc1+ 35.Kg2 c4 36.Rc7 1/2-1/2

[Event "Primera"]
[Site ""]
[Date "2006.??.??"]
[Round "7"]
[White "Charles Eduardo"]
[Black "Bosque José Luis"]
[Result "1-0"]
[WhiteElo "1652"]
[BlackElo "1784"]

1.Nf3 d5 2.c4 Nf6 3.e3 e6 4.Nc3 Be7 5.d4 O-O 6.Bd3 dxc4 7.Bxc4 c5 8.O-O Nc6 9.
d5 exd5 10.Nxd5 Be6 11.Nxf6+ Bxf6 12.Bxe6 fxe6 13.Qb3 Qe7 14.Bd2 b6 15.Bc3
Bxc3 16.bxc3 Qf6 17.Qc2 Ne5 18.Nxe5 Qxe5 19.Rad1 Rad8 20.c4 Qf6 21.f4 Rxd1 22.
Rxd1 Rd8 23.Rxd8+ Qxd8 24.Kf2 Qh4+ 25.Kf3 Qxh2 26.Qe4 Qh5+ 27.Kg3 Qg6+ 28.Qxg6
hxg6 29.Kf3 Kf7 30.Ke4 Kf6 31.a3 a6 32.a4 a5 33.g3 e5 34.Kd5 exf4 35.gxf4 g5
36.fxg5+ Kxg5 37.e4 Kf6 38.Kd6 Kf7 39.e5 Ke8 40.Ke6 g5 41.Kf5 Ke7 42.Kxg5 b5
43.cxb5 c4 44.Kf4 1-0

[Event "Primera"]
[Site ""]
[Date "2006.??.??"]
[Round "7"]
[White "Lozano Francisco"]
[Black "Nasarre Tomás"]
[Result "0-1"]
[WhiteElo "1675"]
[BlackElo "1764"]

1.d4 d5 2.Nf3 g6 3.e3 Bg7 4.c4 Nf6 5.cxd5 Nxd5 6.Bc4 O-O 7.O-O c6 8.Qb3 Nf6 9.
Ne5 e6 10.Nd2 Nbd7 11.f4 Nb6 12.Bd3 Nfd7 13.Ndf3 Nxe5 14.fxe5 Nd5 15.e4 Ne7
16.Bg5 h6 17.Bf6 g5 18.Qd1 Bxf6 19.exf6 Ng6 20.e5 Nf4 21.Bc2 b6 22.Nxg5 Qxd4+
23.Qxd4 Ne2+ 24.Kh1 Nxd4 25.Bh7+ Kh8 26.Rad1 c5 27.Rf4 hxg5 28.Rg4 Kxh7 29.Rd3
Rg8 30.Rh3+ Kg6 31.Rhg3 Kf5 32.h4 Kxe5 33.hxg5 Rh8+ 34.Rh3 Rxh3+ 35.gxh3 Bb7+
36.Kh2 Rg8 37.h4 Kf5 38.Kg3 Ne2+ 39.Kh3 Bg2+ 40.Rxg2 Nf4+ 41.Kg3 Nxg2 42.Kxg2
0-1

[Event "Primera"]
[Site ""]
[Date "2006.??.??"]
[Round "7"]
[White "Pérez José María"]
[Black "De Pablo Tomás"]
[Result "1/2-1/2"]
[WhiteElo "1604"]
[BlackElo "1716"]

1.e4 c6 2.Nc3 d5 3.exd5 cxd5 4.d4 Nf6 5.h3 Nc6 6.Bb5 Bd7 7.Nf3 a6 8.Bxc6 Bxc6
9.Ne5 Qc7 10.Qf3 e6 11.Bg5 Be7 12.O-O Rc8 13.Rac1 b5 14.a3 O-O 15.Qg3 Nh5 16.
Qg4 Bxg5 17.Qxg5 g6 18.Qe3 Ng7 19.Ne2 Nf5 20.Qd3 Qa7 21.b4 Nd6 22.Nf4 Be8 23.
c3 Nc4 24.Nxc4 Rxc4 25.Qe3 Bd7 26.Nd3 Rfc8 27.Nc5 Rc6 28.Qe5 Bc8 29.Qf6 Qc7
30.Rfe1 a5 31.Re3 axb4 32.axb4 Qd6 33.Rf1 Qf8 34.g4 Rc7 35.Rd3 Qe7 36.g5 Qxf6
37.gxf6 h5 38.Ra1 Kh7 39.h4 Kh6 40.f4 Kh7 41.Kf2 Kg8 42.Ra8 Kh7 43.Ke2 Bd7 44.
Kd2 Bc6 45.Ra6 Bd7 46.Ke1 Bc8 47.Ra8 Bd7 48.Kf2 Bc6 49.Ra1 Bd7 50.Ra8 Bc6 51.
Ra6 Bd7 1/2-1/2

[Event "Primera"]
[Site ""]
[Date "2006.??.??"]
[Round "7"]
[White "Martínez Esteban"]
[Black "Fondón Alvaro"]
[Result "0-1"]
[WhiteElo "1761"]
[BlackElo "1658"]

1.e4 c6 2.Nc3 d5 3.Nf3 d4 4.Ne2 c5 5.Ng3 Nc6 6.Bc4 Bg4 7.h3 Bxf3 8.Qxf3 Ne5 9.
Qe2 Nxc4 10.Qxc4 e5 11.O-O Qd7 12.f4 b5 13.Qd5 Qxd5 14.exd5 exf4 15.Rxf4 Nf6
16.Rf5 Bd6 17.Nh5 Nxh5 18.Rxh5 O-O 19.d3 Rfe8 20.c4 Re1+ 21.Kf2 Rae8 22.Bf4
Rxa1 23.Bxd6 Rxa2 24.Bxc5 Rxb2+ 25.Kf3 Re3+ 26.Kf4 Rf2+ 27.Kg4 Rxg2+ 28.Kf4
g5+ 29.Rxg5+ Rxg5 30.Kxg5 bxc4 0-1

[Event "Primera"]
[Site ""]
[Date "2006.??.??"]
[Round "7"]
[White "Laborda Oscar"]
[Black "Colom Eduardo"]
[Result "0-1"]
[WhiteElo "1662"]
[BlackElo "1808"]

1.e4 e6 2.Nc3 d5 3.exd5 exd5 4.d4 Nf6 5.Bg5 c6 6.Nf3 Bd6 7.Bd3 Bg4 8.O-O O-O
9.Re1 Nbd7 10.h3 Bh5 11.Bf5 Qc7 12.Bxf6 Nxf6 13.g4 Bg6 14.Bxg6 fxg6 15.g5 Nh5
16.Ne5 Rf5 17.Qd2 Nf4 18.h4 Nh3+ 19.Kh1 Nxf2+ 20.Kg2 Raf8 21.Re2 Bxe5 22.dxe5
Ng4 23.Rae1 Rxe5 24.Qd4 Rxe2+ 0-1

[Event "Primera"]
[Site ""]
[Date "2006.??.??"]
[Round "7"]
[White "Gonzalo Jorge"]
[Black "Solana Angel"]
[Result "1/2-1/2"]
[WhiteElo "1687"]
[BlackElo "1593"]

1.e4 c5 2.Bc4 Nc6 3.Nf3 d6 4.c3 Nf6 5.Qc2 g6 6.d4 cxd4 7.cxd4 Bg7 8.Be3 O-O 9.
O-O Qc7 10.Bd3 Qa5 11.Nc3 Ng4 12.Nd5 Nxe3 13.fxe3 Be6 14.Nf4 Bg4 15.Ne2 Bxf3
16.Rxf3 Nb4 17.Qd2 Qb6 18.Bc4 e6 19.Kh1 Rac8 20.Bb3 Nc6 21.Raf1 Qb4 22.Nc3 Na5
23.Nb1 Qxd2 24.Nxd2 Nxb3 25.Nxb3 Rc2 26.R3f2 Rxf2 27.Rxf2 Rc8 28.g3 b6 29.Kg2
h5 30.Na1 Bh6 31.Kf3 Rc1 32.Nc2 a5 33.Na3 Rc8 34.b3 Bf8 35.Nc4 Rc6 36.d5 exd5
37.exd5 Rc5 38.Ke4 a4 39.Rd2 b5 40.Nb6 axb3 41.axb3 Rc3 42.Rd3 Rc2 43.h3 Bg7
44.Nd7 Rf2 45.Rd1 f5+ 46.Kd3 Rf3 47.g4 hxg4 48.hxg4 fxg4 49.Rg1 g3 50.Ke4 Rf2
51.Nb8 Re2 52.Kd3 1/2-1/2

[Event "Primera"]
[Site ""]
[Date "2006.??.??"]
[Round "7"]
[White "Casterá Rafael"]
[Black "Gimeno José Andrés"]
[Result "1-0"]
[WhiteElo "1672"]
[BlackElo "1777"]

1.e4 c5 2.Nf3 g6 3.c3 Bg7 4.Bc4 Nf6 5.e5 Ng4 6.d4 d5 7.exd6 Qxd6 8.O-O O-O 9.
Nbd2 cxd4 10.cxd4 Bxd4 11.Ne4 Qb6 12.Qxd4 Qc7 13.h3 Nc6 14.Qc3 Bf5 15.Ng3 Nh6
16.Bxh6 1-0